The Gupta Vidya : God, Nature and man
Bewaard in:
| Hoofdauteur: | |
|---|---|
| Formaat: | Boek |
| Taal: | Engels |
| Gepubliceerd in: |
Theosophy Books
2020
|
| Tags: |
Voeg label toe
Geen labels, Wees de eerste die dit record labelt!
|
MARC
| LEADER | 00000nam a22000007a 4500 | ||
|---|---|---|---|
| 008 | 240828b |||||||| |||| 00| 0 eng d | ||
| 020 | |a 9781733465007 | ||
| 100 | |a IYER, Raghavan N. | ||
| 245 | |a The Gupta Vidya |b : God, Nature and man |c /Raghavan Narasimhan Iyer |g xvii, 733p | ||
| 260 | |b Theosophy Books |c 2020 |h Norfolk, U.S.A |i 701404 |l BP565.Iy9 |m Theosophy |m Spirituality |m Metaphysics | ||
| 500 | |a it includes bibliographical references and index vol1 | ||
| 942 | |a lcc |c BK |e Johnson |f 28/08/24 | ||
| 952 | |0 0 |1 0 |2 ddc |4 0 |6 BP_565_000000000000000_IY9 |7 0 |9 5546 |a HOL |b HOL |d 2024-08-28 |l 0 |o BP565.Iy9 |p 2024-0785 |r 2024-08-28 00:00:00 |t 701404 |w 2024-08-28 |y BK | ||
| 999 | |c 2737 |d 2737 | ||